BMW Modelle - Statistiken

Allgemein
  • Dieses Quiz wurde 389 mal gespielt
  • Das Durchschnittsergebnis liegt bei 17 aus 105
Antwortstatistiken
Hint Antwort % Korrekt
BMW X X3
68%
BMW X X4
67%
BMW X X5
67%
BMW X X2
66%
BMW X X6
66%
BMW X X7
66%
BMW i i3
65%
BMW X X1
65%
4er | BMW i i4
59%
5er | BMW i i5
54%
BMW X | BMW i iX
49%
7er | BMW i i7
46%
BMW M | BMW X | Plug-In-Hybrid XM
31%
BMW X | BMW i iX3
29%
BMW M | BMW X X3 M
29%
BMW M | BMW X X5 M
29%
BMW M | BMW X X4 M
28%
BMW M | BMW X X6 M
28%
BMW X | BMW i iX1
27%
BMW M | BMW X X7 M
25%
BMW M | BMW X X2 M
22%
2er | 4er | 8er Coupé
19%
3er | 5er | 7er Limousine
15%
4er Cabrio
14%
3er | 5er Touring
13%
2er | 4er | 8er Gran Coupé
12%
1er 1er
10%
2er Active Tourer
8%
BMW M | Z4 Z4 M
5%
Z4 Z4 Roadster
4%
1er | BMW M 1er M
3%
8er Cabriolet
3%
4er | BMW M | BMW i i4 M50
3%
BMW M | BMW X | BMW i iX M60
2%
BMW M 3er Limousine M
1%
BMW M 3er Touring M
1%
BMW M 4er Cabriolet M
1%
BMW M 4er Coupé M
1%
BMW M 8er Gran Coupé M
1%
2er | 4er | 8er Coupé M
1%
6er Gran Turismo
1%
5er | BMW M | BMW i i5 M60 xDrive
1%
3er | 5er | 7er Limousine M
1%
BMW M | BMW X X1 M35i xDrive
1%
Plug-In-Hybrid 2er Active Tourer Plug-In-Hybrid
0%
BMW M 2er Coupé M
0%
BMW M 2er Gran Coupé M
0%
Plug-In-Hybrid 3er Limousine Plug-In-Hybrid
0%
Plug-In-Hybrid 3er Touring Plug-In-Hybrid
0%
BMW M 4er Gran Coupé M
0%
BMW M 5er Limousine M
0%
Plug-In-Hybrid 5er Limousine Plug-In-Hybrid
0%
Plug-In-Hybrid 5er Touring Plug-In-Hybrid
0%
BMW M 7er Limousine M
0%
Plug-In-Hybrid 7er Limousine M mit M Hybrid
0%
Plug-In-Hybrid 7er Limousine Plug-In-Hybrid
0%
BMW M 8er Cabriolet M
0%
BMW M 8er Coupé M
0%
8er Cabriolet M
0%
4er Cabrio M
0%
2er | 4er | 8er Gran Coupé M
0%
7er | BMW M | BMW i i7 M70 xDrive
0%
3er Touring M
0%
Plug-In-Hybrid X1 Plug-In-Hybrid
0%
Plug-In-Hybrid X2 Plug-In-Hybrid
0%
Plug-In-Hybrid X3 Plug-In-Hybrid
0%
Plug-In-Hybrid X5 Plug-In-Hybrid
0%
Keine übereinstimmenden Quizze gefunden
Verteilung der Resultate
Anzahl Personen mit jedem Resultat
Perzentil nach korrekt beantworteten Fragen
Ihre Resultats-Entwicklung
Sie haben dieses Quiz noch nicht gespielt